| 000 | 01056nam a2200313Ia 4500 | ||
|---|---|---|---|
| 001 | Para_9444 | ||
| 003 | CHAP | ||
| 008 | 220125s2004 xx 000 0 und d | ||
| 010 | _a208130 | ||
| 040 | _cCHAP | ||
| 090 | _aTESIS 2171 | ||
| 100 |
_aMarini Mánica, Gerson _971381 |
||
| 245 |
_aRelación del estado nutrimental de la planta con el daño causado por plagas y enfermedades (trofobiosis) / _c por Gerson Marini Mánica |
||
| 260 |
_aChapingo, Méx. : _b el autor |
||
| 300 | _a108 h. | ||
| 502 | _aTesis (Ing. Agr. Agroecología) UACh. Departamento de Agroecología | ||
| 650 |
_aPlantas _x deficiencias nutritivas _988812 |
||
| 650 |
_aPlantas _x nutrición _988874 |
||
| 650 |
_aPlantas _x resistencia a enfermedades _988882 |
||
| 650 |
_aPlantas _x resistencia a plagas _988885 |
||
| 710 |
_aUACh. Departamento de Agroecología _9115853 |
||
| 901 | _aTESIS 2171 | ||
| 902 | _aM | ||
| 905 | _a0000002004 an 0000000000 00 | ||
| 910 | _a2004 | ||
| 942 | _cPARA | ||
| 942 |
_cPARA _d2 |
||
| 999 |
_c208130 _d208130 |
||